Hemmam İbn Munebbih'in sahifesi (Record no. 12174)

000 -LEADER
fixed length control field 00926nmm a2200265 a 4500
001 - CONTROL NUMBER
control field ocm000703569
003 - CONTROL NUMBER IDENTIFIER
control field TR-IsHL
005 - DATE AND TIME OF LATEST TRANSACTION
control field 20201028153658.0
008 - FIXED-LENGTH DATA ELEMENTS--GENERAL INFORMATION
fixed length control field 140402s1967 tu tur
007 - PHYSICAL DESCRIPTION FIXED FIELD--GENERAL INFORMATION
fixed length control field cr cn
035 ## - SYSTEM CONTROL NUMBER
System control number 703569
-- (N$T)
050 04 - LIBRARY OF CONGRESS CALL NUMBER
Classification number BP194
Item number .H18 1967
090 04 - LOCALLY ASSIGNED LC-TYPE CALL NUMBER (OCLC); LOCAL CALL NUMBER (RLIN)
Classification number (OCLC) (R) ; Classification number, CALL (RLIN) (NR) BP194
Local cutter number (OCLC) ; Book number/undivided call number, CALL (RLIN) .H18 1967
100 1# - MAIN ENTRY--PERSONAL NAME
Personal name Hamidullah, Muhammed
245 10 - TITLE STATEMENT
Title Hemmam İbn Munebbih'in sahifesi
Medium [electronic resource] /
Statement of responsibility, etc. Muhammed Hamidullah ; çev. Talât Koçyiğit
260 ## - PUBLICATION, DISTRIBUTION, ETC.
Place of publication, distribution, etc. Ankara :
Name of publisher, distributor, etc. Ankara Üniversitesi İlahiyat Fakültesi,
Date of publication, distribution, etc. 1967
300 ## - PHYSICAL DESCRIPTION
Extent 135 p.
650 #4 - SUBJECT ADDED ENTRY--TOPICAL TERM
Topical term or geographic name entry element Felsefe, Psikoloji ve Din
650 #4 - SUBJECT ADDED ENTRY--TOPICAL TERM
Topical term or geographic name entry element Philosophy, Psychology and Religion
650 #0 - SUBJECT ADDED ENTRY--TOPICAL TERM
Topical term or geographic name entry element İslam felsefesi
General subdivision Hadis
650 #0 - SUBJECT ADDED ENTRY--TOPICAL TERM
Topical term or geographic name entry element Islamic philosophy
General subdivision Hadith
650 #7 - SUBJECT ADDED ENTRY--TOPICAL TERM
Topical term or geographic name entry element PHILOSOPHY / Religious
Source of heading or term bisacsh
700 1# - ADDED ENTRY--PERSONAL NAME
Personal name Koçyiğit, Talat
856 40 - ELECTRONIC LOCATION AND ACCESS
Uniform Resource Identifier <a href="http://search.ebscohost.com/login.aspx?direct=true&scope=site&db=e011xww&AN=703569">http://search.ebscohost.com/login.aspx?direct=true&scope=site&db=e011xww&AN=703569</a>
Holdings
Withdrawn status Lost status Source of classification or shelving scheme Damaged status Not for loan Collection code Permanent Location Current Location Date acquired Total Checkouts Full call number Barcode Date last seen Price effective from Koha item type
        Online   Kıbrıs Amerikan Üniversitesi Kütüphanesi / American University of Cyprus Kıbrıs Amerikan Üniversitesi Kütüphanesi / American University of Cyprus 28.10.2020   BP194 .H18 1967 703569 28.10.2020 28.10.2020 E-Kitap
Devinim Yazılım Eğitim Danışmanlık tarafından Koha'nın orjinal sürümü uyarlanarak geliştirilip kurulmuştur.